From followers to leaders (Record no. 1228)

000 -LEADER
fixed length control field 00847nam a22002534a 4500
001 - CONTROL NUMBER
control field 1228
003 - CONTROL NUMBER IDENTIFIER
control field BD-DhUET
008 - FIXED-LENGTH DATA ELEMENTS--GENERAL INFORMATION
fixed length control field 010918s2002 enka b 001 0 eng
020 ## - INTERNATIONAL STANDARD BOOK NUMBER
International Standard Book Number 9780415251761
040 ## - CATALOGING SOURCE
Original cataloging agency DLC
Transcribing agency DLC
Modifying agency BD-DhUET
082 00 - DEWEY DECIMAL CLASSIFICATION NUMBER
Classification number 658.5
Item number FOR/2002
100 ## - MAIN ENTRY--PERSONAL NAME
Personal name Forbes, Naushad
245 10 - TITLE STATEMENT
Title From followers to leaders
Remainder of title managing technology and innovation in newly industrialized countries
250 ## - EDITION STATEMENT
Edition statement 1st ed.
260 ## - PUBLICATION, DISTRIBUTION, ETC. (IMPRINT)
Place of publication, distribution, etc. London
Name of publisher, distributor, etc. Routledge
Date of publication, distribution, etc. 2002
300 ## - PHYSICAL DESCRIPTION
Extent xiv, 214p.
Other physical details ill.
Dimensions 26 cm.
504 ## - BIBLIOGRAPHY, ETC. NOTE
Bibliography, etc Includes bibliographies
650 #0 - SUBJECT ADDED ENTRY--TOPICAL TERM
Topical term or geographic name as entry element Technology-Management
700 ## - ADDED ENTRY--PERSONAL NAME
Personal name Wield, David
856 41 - ELECTRONIC LOCATION AND ACCESS
Uniform Resource Identifier http://www.loc.gov/catdir/toc/fy041/2001048586.html
856 42 - ELECTRONIC LOCATION AND ACCESS
Uniform Resource Identifier http://www.loc.gov/catdir/enhancements/fy0650/2001048586-d.html
856 42 - ELECTRONIC LOCATION AND ACCESS
Uniform Resource Identifier http://www.loc.gov/catdir/enhancements/fy1102/2001048586-b.html
942 ## - ADDED ENTRY ELEMENTS (KOHA)
Koha item type General Book
Holdings
Sublocation or collection (holding branch) Damaged status Date acquired Koha normalized classification for sorting Koha renewals Location (home branch) Piece designation (barcode) Koha date last borrowed Koha date last seen Not for loan Copy number Lost status Koha issues (times borrowed) Koha full call number Koha item type Withdrawn status Shelving location Price effective from Koha out on loan Source of classification or shelving scheme
Central Library, BUET 2014-09-01658_000000000000000_5FOR2002 Central Library, BUET107279 2014-09-01 1  658.5/FOR/2002General Book Circulation section2014-09-01  
Central Library, BUET 2015-09-29658_500000000000000_FOR_20021Central Library, BUET1136112016-04-062016-04-06 2 1658.5/FOR/2002General Book Circulation section2015-09-292025-11-30 
Central Library, BUET 2009-07-29658_500000000000000_FOR_2002 Central Library, BUET107278 2017-05-15 3  658.5/FOR/2002General Book Circulation section2017-05-15  
Central Library, BUET 2017-06-19658_500000000000000_FOR_2002 Central Library, BUET115365 2017-09-13 4  658.5/FOR/2002General Book Circulation section2017-09-13  
Central Library, BUET 2017-06-19658_500000000000000_FOR_20021Central Library, BUET1153662017-10-292017-10-29 5 1658.5/FOR/2002General Book Circulation section2017-09-132025-11-30